00756nam a2200265Ia 4500008004000000020001800040041000800058082001700066100001100083245005300094260003200147300000800179650001100187650001200198650000900210650000900219650001100228650000800239650001000247650001100257690002100268906001200289999001900301952017000320210210b2008 xxu||||| |||| 00| 0 eng d a9788174827029 aeng a355.002 UPKU aUPKARS aUpkars Indian navy MER: Direct entry for sailors aAgrabUpkar Prakashanc2008 a282 aUpkars asailors anavy aMER: aIndian afor aentry aDirect aMilitary Science aSG05214 c136608d136608 001040708Competitive ExamsaALbALcPublic Administrationd2021-02-17eSchool Book Company.g120.00l0o355.002 UPKUpSG05214r2021-02-17 00:00:00w2021-02-17ySG